000 004680000a22001810004500
003 MACL
005 20160102163152.0
008 160102b xxu||||| |||| 00| 0 eng d
040 _aMACL
_cMACL
041 _aEnglish
082 _a820/JAM
100 _aJames, R A Scott
_927352
245 _aFifty Years of English Literature 1900-1950
260 _bLongmans Green And co,
_c1953
_aLondon
350 _a26
650 _aLiterature
_927353
942 _cBK
_k820/Jam
_2ddc
999 _c34729
_d34729